000 01394nam a2200349Ia 4500
001 vtls003165853
003 MY-SjTCS
005 20200226112627.0
006 m u
007 cr cn|||||||||
008 100712s2005 gw a sb 001 0 ger d
020 _z9783110181104
035 _a(CaPaEBR)ebr10197239
039 9 _y201007121356
_zVLOAD
040 _aCaPaEBR
_cCaPaEBR
050 1 4 _aTK5105.875.I57
_bW42 2005eb
245 0 0 _aWebsprachen.net
_h[electronic resource] :
_bsprache und kommunikation im internet /
_cHerausgegeben von Torsten Siever, Peter Schlobinski, Jens Runkehl.
260 _aBerlin :
_bDe Gruyter,
_c2005.
300 _aviii, 331 p. :
_bill.
490 0 _aLinguistik - Impulse & Tendezen ;
_v10
504 _aIncludes bibliographical references and index.
529 _aTSLHHL
533 _aElectronic reproduction.
_bPalo Alto, Calif. :
_cebrary,
_d2009.
_nAvailable via World Wide Web.
_nAccess may be limited to ebrary affiliated libraries.
650 0 _aInternet.
650 0 _aCommunication.
655 7 _aElectronic books.
_2local
700 1 _aSiever, Torsten.
700 1 _aSchlobinski, Peter.
700 1 _aRunkehl, Jens.
710 2 _aebrary, Inc.
_925628
856 4 0 _uhttps://ezproxy.taylors.edu.my/login?url=http://site.ebrary.com/lib/taylorscollege/Doc?id=10197239
_zAn electronic book accessible through the World Wide Web; click to view
999 _c97132